Миллион на маркетплейсах. Продано! (Запись № 12707912)

Подробности
000 -МАРКЕР
контрольное поле 02697nam0a2200409 4500
001 - ИДЕНТИФИКАТОР ЗАПИСИ
контрольное поле RU\NLR\BIBL_A\022087846
005 - ИДЕНТИФИКАТОР ВЕРСИИ
контрольное поле 20260409073654.0
010 ## - МЕЖДУНАРОДНЫЙ СТАНДАРТНЫЙ НОМЕР КНИГИ (ISBN)
Номер (ISBN) 978-5-17-157868-8
Тираж 3000
021 ## - НОМЕР ГОСУДАРСТВЕННОЙ РЕГИСТРАЦИИ
Код страны российская федерация
Номер 2023-69658
Номер Листа государственной регистраци КН-П-7065
035 ## - ДРУГИЕ СИСТЕМНЫЕ НОМЕРА
Идентификатор записи (RuMoRGB)012275664
035 ## - ДРУГИЕ СИСТЕМНЫЕ НОМЕРА
Идентификатор записи (NLR Aleph) 022087846
100 ## - ДАННЫЕ ОБЩЕЙ ОБРАБОТКИ
Данные общей обработки 20231204d2023 |||y0rusy50 ca
101 0# - ЯЗЫК РЕСУРСА
Язык текста, звукозаписи и т.д. русский
102 ## - СТРАНА ПУБЛИКАЦИИ ИЛИ ПРОИЗВОДСТВА
Страна публикации российская федерация
105 ## - ПОЛЕ КОДИРОВАННЫХ ДАННЫХ: ТЕКСТОВЫЕ МАТЕРИАЛЫ, МОНОГРАФИЧЕСКИЕ
Кодированные данные о монографическом текстовом документе a z 000yy
181 #0 - ПОЛЕ КОДИРОВАННЫХ ДАННЫХ: ВИД СОДЕРЖАНИЯ
Код вида содержания (ISBD) i
Код характеристики содержания (ISBD) axxe
182 #0 - ПОЛЕ КОДИРОВАННЫХ ДАННЫХ: ТИП СРЕДСТВА
Код типа средства (ISBD) n - непосредственное
200 1# - ЗАГЛАВИЕ И СВЕДЕНИЯ ОБ ОТВЕТСТВЕННОСТИ
Основное заглавие Миллион на маркетплейсах. Продано!
Сведения, относящиеся к заглавию [путь селлера]
Первые сведения об ответственности П. Н. Шевченко
203 ## - ВИД СОДЕРЖАНИЯ И ТИП СРЕДСТВА
Вид содержания Текст
Дополнительные сведения об издании визуальный
Тип средства непосредственный
210 ## - ПУБЛИКАЦИЯ, РАСПРОСТРАНЕНИЕ И ДР.
Место издания, распространения и т.д. Москва
Имя издателя, распространителя и т. д. АСТ
Дата издания, распространения и т.д. 2023
215 ## - ФИЗИЧЕСКАЯ ХАРАКТЕРИСТИКА
Специфическое обозначение материала и объем 202, [1] с.
Другие сведения о физической характеристике ил.
Размеры 22
225 1# - СЕРИЯ
Основное заглавие серии Делай дело
300 ## - ОБЩИЕ ПРИМЕЧАНИЯ
Текст примечания Авт. указан на обороте тит. с. в макете
300 ## - ОБЩИЕ ПРИМЕЧАНИЯ
Текст примечания Кн. содерж. QR-коды ссылок на доп. информ.
320 ## - ПРИМЕЧАНИЯ О НАЛИЧИИ В ДОКУМЕНТЕ БИБЛИОГРАФИИ / УКАЗАТЕЛЯ
Текст примечания Библиогр. в подстроч. примеч.
330 ## - РЕЗЮМЕ ИЛИ РЕФЕРАТ
Текст примечания В книге ты найдешь не просто рассказы теоретиков. "Миллион на маркетплейсах. Продано!" - это концентрат из знаний и опыта сильного действующего игрока, реальных кейсов и секретов игроков рынка. А еще это твоя первая ступень к построению собственного бизнеса на маркетплейсах. Да, времена и возможности меняются. Но, изучив мою стратегию всего раз, ты всегда сможешь воспроизвести такой же динамичный и классный старт. В том числе прямо сейчас. Как правильно выбирать товар, который будет продаваться. Рабочие стратегии вывода товара в ТОП. Секреты создания идеально продающей карточки товара. Как работать над показателями LTV
333 ## - ПРИМЕЧАНИЯ ОБ ОСОБЕННОСТЯХ РАСПРОСТРАНЕНИЯ И ИСПОЛЬЗОВАНИЯ
Текст примечания 16+
606 ## - НАИМЕНОВАНИЕ ТЕМЫ КАК ПРЕДМЕТ
Наименование темы Электронная коммерция
Формальный подзаголовок Популярные издания
Идентификатор авторитетной/нормативной записи RU\NLR\AUTH\661265484
Системный номер авторитетной/нормативной записи 2090784
675 ## - УНИВЕРСАЛЬНАЯ ДЕСЯТИЧНАЯ КЛАССИФИКАЦИЯ (UDC/УДК)
Индекс 339.138
Издание 4
686 1# - ИНДЕКСЫ ДРУГИХ КЛАССИФИКАЦИЙ
Индекс У42(2)1(2Р)в612я9
700 #1 - ИМЯ ЛИЦА - ПЕРВИЧНАЯ ОТВЕТСТВЕННОСТЬ
Графика поля Кириллица
Материалы, к которым относится поле rus
Начальный элемент ввода Шевченко
Часть имени, кроме начального элемента ввода П. Н.
Дополнения к именам, кроме дат маркетолог
Расширение инициалов личного имени Павел Николаевич
Системный номер авторитетной/нормативной записи 264161
Идентификатор авторитетной/нормативной записи RU\NLR\AUTH\770264217
942 ## - ДОПОЛНИТЕЛЬНЫЕ ЭЛЕМЕНТЫ ЗАПИСИ (АБИС)
Тип экземпляра АБИС Книга
980 ## - КОЛЛЕКЦИЯ
Название коллекции Национальная библиография
Экземпляры
Тип экземпляра Дата поступления Источник поступления Библиотека постоянного хранения Библиотека текущего хранения Место хранения Шифр хранения Штрих-код Статус не для выдачи
Книга 04.12.2023 Обязательный экземпляр РНБ (Московский) РНБ (Московский) Русский книжный фонд: издания с 1957 года, 8этаж, Хран. 2023-5/9404 1-4420685  
Книга 04.12.2023 Обязательный экземпляр РНБ (Московский) РНБ (Московский) Русский книжный фонд: издания с 1957 года, 8этаж, Хран. 2023-5/9404 1-4420686